[Event "Titled Tuesday intern op 01st Apr Early"]
[Site "Chess.com INT"]
[Date "2025.04.01"]
[Round "6"]
[White "Mladenovic, Stefan"]
[Black "Hehir, Michael"]
[Result "1-0"]
[WhiteElo "2346"]
[BlackElo "2009"]
[PlyCount "49"]
[EventDate "2025.04.01"]
[EventType "swiss (blitz)"]
[EventRounds "11"]
[EventCountry "USA"]
[SourceTitle "CB15_2025"]
[SourceDate "2025.04.09"]
[SourceVersion "1"]
[SourceVersionDate "2025.04.09"]
[SourceQuality "1"]

1. d4 Nf6 2. Nf3 g6 3. Bf4 Bg7 4. e3 d6 5. Be2 0-0 6. 0-0 c5 7. c3 b6 8. h3 Bb7 9. Nbd2 Nbd7 10. a4 Ne4 11. a5 Ndf6 12. Qa4 a6 13. axb6 Qxb6 14. Nc4 Qc6 15. Na5 Qxa4 16. Rxa4 Bc8 17. Rfa1 Bd7 18. R4a2 Rfb8 19. Bc4 Bb5 20. Bxb5 Rxb5 21. Nc6 Rb7 22. Rxa6 Rc8 23. Ra8 Rbc7 24. Rxc8+ Rxc8 25. Nxe7+ 1-0

[Event "SRB-chT Central"]
[Site "Novi Pazar"]
[Date "2024.10.16"]
[Round "8.5"]
[White "Tonic, Milos"]
[Black "Mladenovic, Stefan"]
[Result "1/2-1/2"]
[WhiteElo "2036"]
[BlackElo "2359"]
[PlyCount "91"]
[EventDate "2024.10.10"]
[EventType "team-tourn"]
[EventRounds "11"]
[EventCountry "SRB"]
[SourceTitle "CB43_2024"]
[Source "Chessbase"]
[SourceDate "2024.10.23"]
[SourceVersion "1"]
[SourceVersionDate "2024.10.23"]
[SourceQuality "1"]
[WhiteTeam "Pirot Progres"]
[BlackTeam "Surdulica Radnik"]
[WhiteTeamCountry "SRB"]
[BlackTeamCountry "SRB"]

1. c4 e5 2. Nc3 Nc6 3. Nf3 Bb4 4. Nd5 a5 5. a3 Bc5 6. d3 d6 7. g3 Nge7 8. Bg2 Nxd5 9. cxd5 Ne7 10. d4 exd4 11. Nxd4 0-0 12. 0-0 Bg4 13. h3 Bd7 14. e4 f5 15. Kh2 fxe4 16. Bxe4 Nf5 17. Nxf5 Bxf5 18. Bxf5 Rxf5 19. f4 Qe7 20. Qd3 Re8 21. Rd1 Qe2+ 22. Qxe2 Rxe2+ 23. Kh1 a4 24. Rb1 Rf8 25. Bd2 Rfe8 26. Bc3 Bf2 27. Rd3 Rc2 28. Kg2 Ree2 29. Kf3 Bc5 30. Bd4 Bxd4 31. Rxd4 Rf2+ 32. Kg4 b5 33. Re1 Rc4 34. Rxc4 bxc4 35. Rc1 Rxb2 36. Rxc4 Rd2 37. Rxc7 Rxd5 38. Ra7 h5+ 39. Kh4 Kh7 40. Rxa4 Kh6 41. g4 g5+ 42. fxg5+ Rxg5 43. Rd4 d5 44. a4 hxg4 45. hxg4 Re5 46. a5 1/2-1/2

[Event "SRB-chT Central"]
[Site "Novi Pazar"]
[Date "2024.10.13"]
[Round "4.5"]
[White "Matovic, Mihajlo Z"]
[Black "Mladenovic, Stefan"]
[Result "0-1"]
[WhiteElo "2179"]
[BlackElo "2359"]
[PlyCount "106"]
[EventDate "2024.10.10"]
[EventType "team-tourn"]
[EventRounds "11"]
[EventCountry "SRB"]
[SourceTitle "CB43_2024"]
[Source "Chessbase"]
[SourceDate "2024.10.23"]
[SourceVersion "1"]
[SourceVersionDate "2024.10.23"]
[SourceQuality "1"]
[WhiteTeam "Topola Karadjorde"]
[BlackTeam "Surdulica Radnik"]
[WhiteTeamCountry "SRB"]
[BlackTeamCountry "SRB"]

1. e4 c5 2. Nf3 d6 3. Bb5+ Bd7 4. a4 Nc6 5. 0-0 Nf6 6. Nc3 g6 7. Re1 Bg7 8. e5 dxe5 9. Nxe5 Nxe5 10. Rxe5 Rc8 11. Qe2 e6 12. d3 a6 13. Bc4 0-0 14. a5 Nh5 15. Rg5 h6 16. Rxh5 gxh5 17. Qxh5 Kh7 18. Ne4 Bc6 19. Bg5 f6 20. Be3 Bxe4 21. dxe4 Qe8 22. Qxe8 Rfxe8 23. f4 Bf8 24. Ra3 Bd6 25. Rb3 Rb8 26. Kf2 Re7 27. Kf3 Kg7 28. Rd3 b5 29. Rxd6 bxc4 30. Bxc5 Rxb2 31. f5 e5 32. Rxa6 Rd7 33. Rb6 Rxc2 34. g3 c3 35. Rc6 Ra2 36. a6 c2 37. Be3 Rd3 38. Rc7+ Kf8 39. a7 Rda3 40. h3 Ke8 41. Rc8+ Kd7 42. Rc4 Ra6 43. Bxh6 Rxa7 44. Kg4 Rc7 45. Rxc7+ Kxc7 46. Kh5 Kd7 47. Kg6 Ke7 48. g4 Ra3 49. h4 Rg3 50. Kh5 Kf7 51. Bd2 Rd3 52. Bh6 Rd1 53. g5 fxg5 0-1

[Event "Titled Tuesday intern op 14th Nov Early"]
[Site "Chess.com INT"]
[Date "2023.11.14"]
[Round "5"]
[White "Ashraf, Artin"]
[Black "Mladenovic, Stefan"]
[Result "1-0"]
[WhiteElo "2399"]
[BlackElo "2359"]
[PlyCount "61"]
[EventDate "2023.11.14"]
[EventType "swiss (blitz)"]
[EventRounds "11"]
[EventCountry "USA"]
[SourceTitle "CBM 217 Extra"]
[Source "ChessBase"]
[SourceDate "2024.01.31"]
[SourceVersion "1"]
[SourceVersionDate "2024.01.31"]
[SourceQuality "1"]

1. e4 c5 2. Nf3 d6 3. Bb5+ Bd7 4. Bxd7+ Qxd7 5. c4 Nf6 6. Nc3 g6 7. 0-0 Bg7 8. d4 cxd4 9. Nxd4 0-0 10. f3 Rc8 11. b3 d5 12. exd5 Nxd5 13. Nxd5 e6 14. Be3 exd5 15. Rc1 dxc4 16. bxc4 Nc6 17. Nb5 Qxd1 18. Rfxd1 Ne5 19. Nd6 Rc6 20. c5 b6 21. cxb6 axb6 22. f4 Rxc1 23. Rxc1 Nd3 24. Rc4 Rxa2 25. h3 Bf8 26. Rc8 Kg7 27. Ne8+ Kh6 28. f5+ Kh5 29. Nf6+ Kh4 30. Rc4+ Kg3 31. Rg4# 1-0

[Event "Titled Tuesday intern op 14th Nov Early"]
[Site "Chess.com INT"]
[Date "2023.11.14"]
[Round "6"]
[White "Mladenovic, Stefan"]
[Black "Molenda, Marcin"]
[Result "1-0"]
[WhiteElo "2359"]
[BlackElo "2387"]
[PlyCount "71"]
[EventDate "2023.11.14"]
[EventType "swiss (blitz)"]
[EventRounds "11"]
[EventCountry "USA"]
[SourceTitle "CBM 217 Extra"]
[Source "ChessBase"]
[SourceDate "2024.01.31"]
[SourceVersion "1"]
[SourceVersionDate "2024.01.31"]
[SourceQuality "1"]

1. d4 d5 2. c4 c6 3. Nf3 Nf6 4. e3 e6 5. b3 Ne4 6. Bd3 Bb4+ 7. Nbd2 f5 8. 0-0 Qf6 9. Ne5 Nd7 10. Nxd7 Bxd7 11. f3 Nxd2 12. Bxd2 Bxd2 13. Qxd2 0-0 14. Bc2 Rad8 15. e4 dxc4 16. bxc4 e5 17. d5 c5 18. Rab1 b6 19. a4 f4 20. a5 Rb8 21. axb6 axb6 22. Qc3 Ra8 23. Rb2 Ra6 24. Rfb1 Rfa8 25. Rb3 h5 26. Qb2 Ra2 27. Qc3 R8a6 28. R3b2 R2a3 29. Rb3 R3a5 30. Rxb6 Rxb6 31. Qxa5 Rxb1+ 32. Bxb1 Qd6 33. Qd8+ Kh7 34. Bc2 Qa6 35. Qxd7 Qa1+ 36. Kf2 1-0

[Event "Titled Tuesday intern op 07th Nov Late"]
[Site "Chess.com INT"]
[Date "2023.11.08"]
[Round "11"]
[White "Mladenovic, Stefan"]
[Black "Rostovtsev, Dmitry"]
[Result "1-0"]
[WhiteElo "2359"]
[BlackElo "2218"]
[PlyCount "93"]
[EventDate "2023.11.07"]
[EventType "swiss (blitz)"]
[EventRounds "11"]
[EventCountry "USA"]
[SourceTitle "EXT 2025"]
[Source "ChessBase"]
[SourceDate "2024.10.14"]
[SourceVersion "1"]
[SourceVersionDate "2024.10.14"]
[SourceQuality "1"]

1. d4 Nf6 2. Nf3 e6 3. e3 d5 4. Bd3 c5 5. b3 Nc6 6. 0-0 b6 7. Bb2 Bb7 8. a3 Rc8 9. Nbd2 Bd6 10. Qe2 0-0 11. dxc5 bxc5 12. e4 Nh5 13. g3 Re8 14. e5 Bf8 15. h4 g6 16. Ng5 h6 17. Nxf7 Kxf7 18. Qf3+ Kg7 19. g4 Qxh4 20. gxh5 Qg5+ 21. Kh2 Qh4+ 22. Qh3 Qxh3+ 23. Kxh3 g5 24. f4 Be7 25. fxg5 Bxg5 26. Nf3 Rf8 27. Nxg5 hxg5 28. Rf6 Rxf6 29. exf6+ Kh6 30. Kg4 Rf8 31. Rf1 Bc8 32. f7 e5+ 33. Kg3 Kg7 34. h6+ Kh8 35. Rf6 Nd4 36. Bxd4 cxd4 37. Bg6 e4 38. Rd6 Bb7 39. Rd7 Bc6 40. Rc7 Bb5 41. a4 Be2 42. Re7 Bh5 43. Re8 Bxg6 44. Rxf8+ Kh7 45. Rh8+ Kxh8 46. f8Q+ Kh7 47. Qg7# 1-0

[Event "Titled Tuesday intern op 07th Nov Late"]
[Site "Chess.com INT"]
[Date "2023.11.07"]
[Round "1"]
[White "Blanco Diez, David"]
[Black "Mladenovic, Stefan"]
[Result "1-0"]
[WhiteElo "2298"]
[BlackElo "2359"]
[PlyCount "123"]
[EventDate "2023.11.07"]
[EventType "swiss (blitz)"]
[EventRounds "11"]
[EventCountry "USA"]
[SourceTitle "EXT 2025"]
[Source "ChessBase"]
[SourceDate "2024.10.14"]
[SourceVersion "1"]
[SourceVersionDate "2024.10.14"]
[SourceQuality "1"]

1. Nf3 Nf6 2. b3 e6 3. Bb2 d5 4. e3 Be7 5. c4 0-0 6. Be2 c5 7. 0-0 Nc6 8. cxd5 Nxd5 9. Nc3 Bf6 10. Qc1 Ndb4 11. Ne4 Bxb2 12. Qxb2 Qd5 13. Nc3 Qf5 14. a3 Nd3 15. Qc2 Nf4 16. Qxf5 Nxe2+ 17. Nxe2 exf5 18. Rac1 b6 19. b4 Ba6 20. Rfe1 c4 21. Ned4 Nxd4 22. Nxd4 b5 23. Nxf5 Rfd8 24. Nd4 Rd5 25. Ra1 Bb7 26. a4 bxa4 27. Rxa4 a6 28. Rc1 Rc8 29. Ra3 Rd6 30. Rac3 Bd5 31. f3 f6 32. d3 Bf7 33. dxc4 Rb6 34. b5 axb5 35. cxb5 Rxc3 36. Rxc3 h5 37. Rc8+ Kh7 38. Rc6 Rb8 39. Rc7 Bg6 40. Kf2 Bd3 41. Rc3 Bg6 42. Rc6 Bd3 43. b6 Bg6 44. h4 Be8 45. Rd6 Kg6 46. Ne6 Kf7 47. Nc5 Ke7 48. Re6+ Kf7 49. g3 Bd7 50. Rd6 Be8 51. e4 Bb5 52. Ke3 Ke7 53. Re6+ Kf7 54. Kd4 Ba4 55. Kc4 Bd1 56. Kb5 Bxf3 57. Kc6 Rc8+ 58. Kd6 Rd8+ 59. Kc7 Rd4 60. b7 Bxe4 61. b8Q Rc4 62. Qe8# 1-0

[Event "Titled Tuesday intern op 07th Nov Late"]
[Site "Chess.com INT"]
[Date "2023.11.07"]
[Round "5"]
[White "Vila Dupla, Aurelio"]
[Black "Mladenovic, Stefan"]
[Result "0-1"]
[WhiteElo "2030"]
[BlackElo "2359"]
[PlyCount "66"]
[EventDate "2023.11.07"]
[EventType "swiss (blitz)"]
[EventRounds "11"]
[EventCountry "USA"]
[SourceTitle "EXT 2025"]
[Source "ChessBase"]
[SourceDate "2024.10.14"]
[SourceVersion "1"]
[SourceVersionDate "2024.10.14"]
[SourceQuality "1"]

1. Nf3 Nf6 2. d4 e6 3. g3 b5 4. Bg2 Bb7 5. 0-0 c5 6. c3 Be7 7. a4 b4 8. Bd2 a5 9. dxc5 Bxc5 10. cxb4 axb4 11. Bf4 d6 12. Nbd2 e5 13. Bg5 h6 14. Bxf6 Qxf6 15. Qb3 0-0 16. Rad1 Nc6 17. e3 Na5 18. Qc2 Rac8 19. Qb1 d5 20. Nh4 g5 21. Nhf3 e4 22. Nd4 Ba6 23. Nb5 Rb8 24. f3 Bxe3+ 25. Kh1 Rxb5 26. fxe4 Qg6 27. axb5 Bxb5 28. Rf5 Bxd2 29. Rxd2 Nc4 30. Rdxd5 Bc6 31. Qd3 Bxd5 32. exd5 Ne5 33. Qe4 Nd7 0-1

[Event "Titled Tuesday intern op 17th Oct Late"]
[Site "Chess.com INT"]
[Date "2023.10.17"]
[Round "3"]
[White "Mladenovic, Stefan"]
[Black "Rasulov, Vugar Ural Oglu"]
[Result "0-1"]
[WhiteElo "2352"]
[BlackElo "2560"]
[PlyCount "46"]
[EventDate "2023.10.17"]
[EventType "swiss (blitz)"]
[EventRounds "11"]
[EventCountry "USA"]
[SourceTitle "EXT 2025"]
[Source "ChessBase"]
[SourceDate "2024.10.14"]
[SourceVersion "1"]
[SourceVersionDate "2024.10.14"]
[SourceQuality "1"]

1. d4 Nf6 2. Nf3 c5 3. d5 e6 4. c4 exd5 5. cxd5 d6 6. Nc3 g6 7. h3 Bg7 8. Bf4 0-0 9. e3 Na6 10. Be2 Nc7 11. e4 b5 12. Nd2 b4 13. Na4 Re8 14. f3 Ncxd5 15. exd5 Nxd5 16. Bh2 Ne3 17. Qb3 Nxg2+ 18. Kf2 Bd4+ 19. Kxg2 Rxe2+ 20. Kf1 Rxd2 21. Qd5 Qe7 22. Qe4 Ba6+ 23. Ke1 Re2+ 0-1

[Event "Titled Tuesday intern op 17th Oct Late"]
[Site "Chess.com INT"]
[Date "2023.10.17"]
[Round "8"]
[White "Sjugirov, Sanan"]
[Black "Mladenovic, Stefan"]
[Result "1-0"]
[WhiteElo "2705"]
[BlackElo "2352"]
[PlyCount "133"]
[EventDate "2023.10.17"]
[EventType "swiss (blitz)"]
[EventRounds "11"]
[EventCountry "USA"]
[SourceTitle "EXT 2025"]
[Source "ChessBase"]
[SourceDate "2024.10.14"]
[SourceVersion "1"]
[SourceVersionDate "2024.10.14"]
[SourceQuality "1"]

1. e4 c5 2. Nf3 d6 3. d4 cxd4 4. Nxd4 Nf6 5. Nc3 g6 6. Be3 Bg7 7. f3 0-0 8. Qd2 Nc6 9. 0-0-0 Bd7 10. Kb1 Rc8 11. h4 Ne5 12. g4 Qa5 13. Be2 b5 14. h5 b4 15. Nd5 Nxd5 16. exd5 Rfe8 17. hxg6 fxg6 18. Ne6 Bxe6 19. dxe6 Nc4 20. Bxc4 Rxc4 21. Qh2 Qe5 22. Qxh7+ Kf8 23. Bc1 Rxc2 24. Kxc2 Rc8+ 25. Kd2 Qf4+ 26. Ke2 Rc2+ 27. Rd2 Qc4+ 28. Kf2 Qd4+ 29. Kg3 Rxd2 30. Bxd2 Qxd2 31. Qxg6 Be5+ 32. Kh3 Qf4 33. Qf5+ Kg7 34. Qxf4 Bxf4 35. Kg2 Kf6 36. Rh5 Kxe6 37. Rb5 Bd2 38. b3 d5 39. Rb7 d4 40. Kf2 d3 41. Rxa7 Bf4 42. Ra8 d2 43. Ke2 Kd5 44. Rd8+ Kc5 45. Rf8 e5 46. Rxf4 exf4 47. Kxd2 Kd4 48. Ke2 Ke5 49. Kd3 Kd5 50. g5 Ke5 51. g6 Kf6 52. Ke4 Kxg6 53. Kxf4 Kf6 54. Ke4 Ke6 55. Kd4 Kf5 56. Kc4 Kf4 57. Kxb4 Kxf3 58. Kc5 Ke4 59. b4 Kd3 60. b5 Kc3 61. a4 Kb3 62. a5 Kc3 63. a6 Kd3 64. a7 Ke4 65. a8Q+ Ke3 66. Qd5 Kf4 67. b6 1-0

[Event "Titled Tuesday intern op 06th Dec Early"]
[Site "Chess.com INT"]
[Date "2022.12.06"]
[Round "2"]
[White "Donskov, Anatoly"]
[Black "Mladenovic, Stefan"]
[Result "1-0"]
[WhiteElo "2279"]
[BlackElo "2349"]
[PlyCount "151"]
[EventDate "2022.12.06"]
[EventType "swiss (blitz)"]
[EventRounds "11"]
[EventCountry "USA"]
[SourceTitle "CBM 211 Extra"]
[Source "ChessBase"]
[SourceDate "2023.01.31"]
[SourceVersion "1"]
[SourceVersionDate "2023.01.31"]
[SourceQuality "1"]

1. e4 c5 2. Nf3 d6 3. d4 cxd4 4. Nxd4 Nf6 5. Nc3 g6 6. Be3 Bg7 7. f3 0-0 8. Bc4 Nc6 9. Qd2 Bd7 10. h4 Na5 11. Bb3 b5 12. h5 Nc4 13. Bxc4 bxc4 14. Bh6 Rb8 15. Bxg7 Kxg7 16. hxg6 fxg6 17. Qh6+ Kg8 18. Nd5 Rf7 19. Nxf6+ exf6 20. 0-0-0 Qb6 21. b3 Qa5 22. Kb1 Rb6 23. Qc1 c3 24. Rd3 Ra6 25. a3 f5 26. exf5 Bxf5 27. Nxf5 Rxf5 28. Ka2 Rb5 29. g4 Qc7 30. Re1 Kf7 31. Rde3 Re5 32. f4 Rxe3 33. Qxe3 Rxa3+ 34. Kb1 Qd7 35. Qxc3 Ra6 36. Qc4+ d5 37. Qxa6 Qxg4 38. Qd3 Qd7 39. Qe3 a5 40. Kb2 a4 41. Qd4 axb3 42. cxb3 h5 43. Re5 Qg4 44. Qxd5+ Kg7 45. Qb7+ Kh6 46. Qe4 Qg1 47. Re8 Qf2+ 48. Kc3 Qc5+ 49. Kd3 Qb5+ 50. Kd4 Qb6+ 51. Kc3 Qc5+ 52. Kb2 Qf2+ 53. Qc2 Qd4+ 54. Qc3 Qf2+ 55. Qc2 Qd4+ 56. Kc1 Qg1+ 57. Kd2 Qf2+ 58. Re2 Qd4+ 59. Kc1 Qa1+ 60. Kd2 Qd4+ 61. Qd3 Qb2+ 62. Ke3 Qc1+ 63. Kf3 Qf1+ 64. Ke4 Qh1+ 65. Ke5 Qb7 66. f5 Qe7+ 67. Kd4 Qd6+ 68. Kc3 Qc5+ 69. Qc4 Qxf5 70. Qe4 Qf6+ 71. Qe5 Qc6+ 72. Kb2 Qa8 73. Qf4+ Kg7 74. Re7+ Kg8 75. Qf7+ Kh8 76. Qg7# 1-0

[Event "Titled Tuesday intern op 06th Dec Early"]
[Site "Chess.com INT"]
[Date "2022.12.06"]
[Round "1"]
[White "Mladenovic, Stefan"]
[Black "Paiva, Henrique MA Alberg"]
[Result "0-1"]
[WhiteElo "2349"]
[BlackElo "2078"]
[PlyCount "108"]
[EventDate "2022.12.06"]
[EventType "swiss (blitz)"]
[EventRounds "11"]
[EventCountry "USA"]
[SourceTitle "CBM 211 Extra"]
[Source "ChessBase"]
[SourceDate "2023.01.31"]
[SourceVersion "1"]
[SourceVersionDate "2023.01.31"]
[SourceQuality "1"]

1. d4 d5 2. Bf4 c6 3. e3 Nf6 4. c4 e6 5. Nf3 Bd6 6. Bg3 0-0 7. Nc3 Qe7 8. c5 Bc7 9. Ne5 Ne4 10. Nxe4 dxe4 11. f3 f6 12. Nc4 Bxg3+ 13. hxg3 e5 14. Nd6 exd4 15. Qxd4 exf3 16. Bc4+ Be6 17. gxf3 Nd7 18. 0-0-0 Ne5 19. Rxh7 Kxh7 20. Rh1+ Kg8 21. Qh4 Qxd6 22. cxd6 Bxc4 23. f4 Ng6 24. Qh7+ Kf7 25. f5 Ne5 26. Qh5+ g6 27. fxg6+ Ke6 28. g7 Rg8 29. Qh7 Kf7 30. Qh5+ Ng6 31. Rf1 Rxg7 32. Rf2 Rd8 33. Qc5 Be6 34. Qxa7 Rxd6 35. Qxb7+ Rd7 36. Qxc6 Ne5 37. Qc2 Nd3+ 38. Kb1 Nxf2 39. Qxf2 Rg5 40. b3 Rgd5 41. Qf4 Rd2 42. g4 Rg2 43. Kc1 Rxg4 44. Qf2 Re4 45. Qf3 Bd5 46. Qh3 Rc7+ 47. Kb2 Ree7 48. Qh7+ Ke6 49. Qh5 Be4 50. Qg4+ f5 51. Qg6+ Ke5 52. Qb6 Rc2+ 53. Ka3 Rb7 54. Kb4 Rxb6+ 0-1

[Event "Titled Tuesday intern op 29th Nov Late"]
[Site "Chess.com INT"]
[Date "2022.11.29"]
[Round "2"]
[White "Fernandez Siles, Luis"]
[Black "Mladenovic, Stefan"]
[Result "0-1"]
[WhiteElo "2220"]
[BlackElo "2351"]
[PlyCount "66"]
[EventDate "2022.11.29"]
[EventType "swiss (blitz)"]
[EventRounds "11"]
[EventCountry "USA"]
[SourceTitle "EXT 2024"]
[Source "ChessBase"]
[SourceDate "2023.10.10"]
[SourceVersion "1"]
[SourceVersionDate "2023.10.10"]
[SourceQuality "1"]

1. d4 Nf6 2. c4 e6 3. Nf3 b6 4. a3 Bb7 5. Nc3 d5 6. cxd5 exd5 7. Bg5 Be7 8. e3 Nbd7 9. b4 0-0 10. Bd3 c5 11. bxc5 bxc5 12. Rb1 Bc6 13. 0-0 c4 14. Bc2 Bxa3 15. Ne5 Qc7 16. Nxd7 Nxd7 17. Qh5 g6 18. Qh6 Rfb8 19. f4 Bf8 20. Qh4 Rxb1 21. Bxb1 Qa5 22. Nd1 Bg7 23. f5 Nf8 24. f6 Bh8 25. Bh6 Qd2 26. Bg7 Bxg7 27. fxg7 Ne6 28. Qf6 Be8 29. Qe7 Kxg7 30. Qf6+ Kg8 31. Kh1 Rb8 32. Nf2 Qe2 33. Ng4 Qxg4 0-1

[Event "Titled Tuesday intern op 29th Nov Late"]
[Site "Chess.com INT"]
[Date "2022.11.29"]
[Round "8"]
[White "Milosevic, Milos"]
[Black "Mladenovic, Stefan"]
[Result "1/2-1/2"]
[WhiteElo "2377"]
[BlackElo "2351"]
[PlyCount "144"]
[EventDate "2022.11.29"]
[EventType "swiss (blitz)"]
[EventRounds "11"]
[EventCountry "USA"]
[SourceTitle "EXT 2024"]
[Source "ChessBase"]
[SourceDate "2023.10.10"]
[SourceVersion "1"]
[SourceVersionDate "2023.10.10"]
[SourceQuality "1"]

1. e4 c5 2. Nf3 d6 3. d4 cxd4 4. Nxd4 Nf6 5. Nc3 g6 6. Be3 Bg7 7. f3 0-0 8. Bc4 Nc6 9. Qd2 Bd7 10. Bb3 Rb8 11. 0-0-0 b5 12. h4 Na5 13. Kb1 Nc4 14. Bxc4 bxc4 15. h5 Qb6 16. b3 cxb3 17. axb3 Qb4 18. hxg6 fxg6 19. Bh6 Bxh6 20. Rxh6 a5 21. Nd5 Nxd5 22. exd5 Qc5 23. Re1 Rf7 24. Ne6 Qa3 25. Rh4 a4 26. Qa5 Rc8 27. Re2 Rf5 28. Rc4 Bxe6 29. Rxa4 Qc5 30. Qxc5 Rxc5 31. Rxe6 Rcxd5 32. Rxe7 Rf7 33. Ra8+ Kg7 34. Rxf7+ Kxf7 35. Ra7+ Kg8 36. Rd7 h5 37. Kb2 h4 38. b4 Rg5 39. Rxd6 Rxg2 40. b5 Kf7 41. Kc3 h3 42. b6 Rg5 43. Rd2 Rb5 44. Rh2 Rxb6 45. Rxh3 Rf6 46. Kd4 Rf4+ 47. Ke3 Rc4 48. Kd3 Rf4 49. c4 Ke6 50. Rg3 Kf6 51. Kc3 g5 52. Kb4 Kf5 53. Kb5 Rd4 54. c5 Rd1 55. Rg4 Rf1 56. c6 Rxf3 57. Rc4 Rb3+ 58. Ka6 Rb8 59. c7 Rg8 60. Kb7 g4 61. c8Q+ Rxc8 62. Rxc8 g3 63. Kc6 Ke4 64. Kc5 g2 65. Rg8 Kf3 66. Kd4 Kf2 67. Rf8+ Ke2 68. Re8+ Kf2 69. Rf8+ Ke2 70. Rg8 Kf2 71. Kd3 g1Q 72. Rxg1 Kxg1 1/2-1/2

[Event "Titled Tuesday intern op 29th Nov Late"]
[Site "Chess.com INT"]
[Date "2022.11.29"]
[Round "1"]
[White "Mladenovic, Stefan"]
[Black "Freile Martin, Javier"]
[Result "0-1"]
[WhiteElo "2351"]
[BlackElo "2329"]
[PlyCount "114"]
[EventDate "2022.11.29"]
[EventType "swiss (blitz)"]
[EventRounds "11"]
[EventCountry "USA"]
[SourceTitle "EXT 2024"]
[Source "ChessBase"]
[SourceDate "2023.10.10"]
[SourceVersion "1"]
[SourceVersionDate "2023.10.10"]
[SourceQuality "1"]

1. d4 Nf6 2. Nf3 g6 3. Bf4 Bg7 4. e3 d6 5. Be2 0-0 6. 0-0 Nbd7 7. h3 b6 8. c4 Bb7 9. a4 a5 10. Nc3 Ne4 11. Nb5 c6 12. Na3 e5 13. Bh2 exd4 14. Nxd4 Ndc5 15. Bf3 Re8 16. Nac2 d5 17. cxd5 Qxd5 18. b4 axb4 19. Nxb4 Qc4 20. Nbxc6 Nc3 21. Qc2 Bxd4 22. Nxd4 Bxf3 23. gxf3 N5xa4 24. Rfc1 b5 25. Kg2 Qd5 26. Qb3 Qg5+ 27. Bg3 h5 28. h4 Qf6 29. Nxb5 Ne2 30. Re1 Nxg3 31. Rxa4 Rxa4 32. Qxa4 Nf5 33. Rh1 Qc6 34. Nd4 Qxa4 35. Ne2 Qc2 36. Re1 Nxe3+ 37. fxe3 Rxe3 38. Kf2 Qd2 39. Kf1 Rxf3+ 40. Kg2 Re3 41. Kf2 Rxe2+ 42. Rxe2 Qxe2+ 43. Kxe2 Kg7 44. Kf3 Kf6 45. Kf4 Ke6 46. Ke4 f6 47. Kf4 Kd5 48. Kf3 Ke5 49. Ke3 Kf5 50. Kf3 g5 51. hxg5 fxg5 52. Kg3 Ke4 53. Kh3 Kf3 54. Kh2 Kf2 55. Kh1 g4 56. Kh2 g3+ 57. Kh3 g2 0-1

[Event "Titled Tuesday intern op 29th Nov Late"]
[Site "Chess.com INT"]
[Date "2022.11.29"]
[Round "7"]
[White "Mladenovic, Stefan"]
[Black "Radjabov, Teimour"]
[Result "0-1"]
[WhiteElo "2351"]
[BlackElo "2747"]
[PlyCount "70"]
[EventDate "2022.11.29"]
[EventType "swiss (blitz)"]
[EventRounds "11"]
[EventCountry "USA"]
[SourceTitle "EXT 2024"]
[Source "ChessBase"]
[SourceDate "2023.10.10"]
[SourceVersion "1"]
[SourceVersionDate "2023.10.10"]
[SourceQuality "1"]

1. d4 d5 2. c4 e6 3. Nc3 Nf6 4. Bg5 Be7 5. e3 Nbd7 6. Nf3 0-0 7. cxd5 Nxd5 8. Bxe7 Nxe7 9. Bd3 c5 10. 0-0 b6 11. Ne4 cxd4 12. Nxd4 Ne5 13. Bc2 Bb7 14. Qe2 Rc8 15. Rfd1 Qc7 16. Ng3 Rfd8 17. Rac1 Qb8 18. Qh5 N7g6 19. f4 Nc4 20. f5 exf5 21. Ndxf5 Qe5 22. Bb3 Qxb2 23. Rxd8+ Rxd8 24. Rc2 Qa1+ 25. Kf2 Nce5 26. Nh6+ gxh6 27. Nf5 Nd3+ 28. Kg3 Qe5+ 29. Kh3 Ndf4+ 30. exf4 Nxf4+ 31. Kg4 Nxh5 32. Nxh6+ Kg7 33. Nxf7 Rd4+ 34. Kh3 Qf5+ 35. g4 Qxg4# 0-1

[Event "Titled Tuesday intern op 29th Nov Late"]
[Site "Chess.com INT"]
[Date "2022.11.29"]
[Round "3"]
[White "Mladenovic, Stefan"]
[Black "Rangel, Daniel"]
[Result "1-0"]
[WhiteElo "2351"]
[BlackElo "2220"]
[PlyCount "101"]
[EventDate "2022.11.29"]
[EventType "swiss (blitz)"]
[EventRounds "11"]
[EventCountry "USA"]
[SourceTitle "EXT 2024"]
[Source "ChessBase"]
[SourceDate "2023.10.10"]
[SourceVersion "1"]
[SourceVersionDate "2023.10.10"]
[SourceQuality "1"]

1. d4 d5 2. Bf4 Nf6 3. e3 g6 4. Nf3 Bg7 5. c4 0-0 6. Nc3 c5 7. dxc5 Qa5 8. Be2 Ne4 9. 0-0 Nxc3 10. bxc3 dxc4 11. Bxc4 Qxc5 12. Qb3 Nc6 13. Rac1 Na5 14. Qb4 Qxc4 15. Qxa5 b6 16. Qb4 Qxa2 17. Qxe7 Qe6 18. Qh4 Qg4 19. Qe7 Be6 20. Ne5 Qf5 21. Nc6 Bf6 22. Qb4 Rfe8 23. Nd4 Qe4 24. f3 Qb7 25. Nb5 Be7 26. Bd6 a5 27. Qf4 Qc6 28. Bxe7 Qxb5 29. Bf6 Qf5 30. Qh4 h5 31. Bd4 Bd7 32. e4 Qe6 33. Qg5 Kh7 34. Rb1 b5 35. f4 Bc6 36. f5 Qxe4 37. fxg6+ Qxg6 38. Qxg6+ fxg6 39. Rf7+ Kh6 40. Rf6 Re2 41. Rxc6 a4 42. Kf1 Rc2 43. Be3+ Kg7 44. Rxb5 a3 45. Rb7+ Kf8 46. Bc5+ Ke8 47. Re6+ Kd8 48. Bb6+ Kc8 49. Rc7+ Kd8 50. Ra7+ Kc8 51. Re8# 1-0

[Event "Titled Tuesday intern op 15th Nov Late"]
[Site "Chess.com INT"]
[Date "2022.11.15"]
[Round "4"]
[White "Mladenovic, Stefan"]
[Black "Pein, Jonathan"]
[Result "1-0"]
[WhiteElo "2351"]
[BlackElo "2244"]
[PlyCount "85"]
[EventDate "2022.11.15"]
[EventType "swiss (blitz)"]
[EventRounds "11"]
[EventCountry "USA"]
[SourceTitle "CBM 211 Extra"]
[Source "ChessBase"]
[SourceDate "2023.01.31"]
[SourceVersion "1"]
[SourceVersionDate "2023.01.31"]
[SourceQuality "1"]

1. d4 e6 2. Nf3 f5 3. g3 Nf6 4. Bg2 b6 5. 0-0 Bb7 6. c4 g6 7. Nc3 Bg7 8. d5 0-0 9. Nd4 e5 10. Nc2 d6 11. b4 a5 12. Bb2 Na6 13. a3 Qe7 14. Nb5 g5 15. f4 exf4 16. gxf4 g4 17. Ncd4 Ne4 18. Rb1 axb4 19. axb4 Nxb4 20. Ne6 Bxb2 21. Rxb2 Na6 22. Nxf8 Rxf8 23. Ra2 Rf6 24. Qd4 Rh6 25. Bxe4 fxe4 26. f5 Kf7 27. f6 Qd7 28. Qxe4 g3 29. Qe6+ Qxe6 30. dxe6+ Kxe6 31. hxg3 Nc5 32. Nxc7+ Kf7 33. Nd5 Ne4 34. Ra7 Nc5 35. Rb1 Rg6 36. Rxb6 Rxg3+ 37. Kh2 Rg5 38. Rbxb7+ Nxb7 39. Rxb7+ Kf8 40. Nf4 Re5 41. Rxh7 Re4 42. Ng6+ Kg8 43. Rg7# 1-0